Länder mit der höchsten Cannabiskonsumrate - Statistiken

Allgemein
  • Dieses Quiz wurde 360 mal gespielt
  • Das Durchschnittsergebnis liegt bei 8 aus 15
Antwortstatistiken
Platz Land Anteil % Korrekt
2. Vereinigte Staaten 18,4%
97%
15. Niederlande 9,2%
94%
5. Kanada 14,73%
85%
7. Spanien 11%
75%
7. Frankreich 11%
72%
3. Jamaika 18%
67%
11. Italien 10,21%
64%
10. Australien 10,4%
57%
6. Neuseeland 14,03%
42%
13. Tschechien 9,5%
35%
4. Chile 15,1%
32%
14. Uruguay 9,3%
20%
1. Israel 27%
14%
9. Nigeria 10,76%
13%
12. Sambia 9,5%
2%
Keine übereinstimmenden Quizze gefunden
Verteilung der Resultate
Anzahl Personen mit jedem Resultat
Perzentil nach korrekt beantworteten Fragen
Ihre Resultats-Entwicklung
Sie haben dieses Quiz noch nicht gespielt